Sharjah Art Foundation Library

حكايتي شرح يطول/ (Record no. 6631)

MARC details
000 -LEADER
fixed length control field 00546nam a2200181Ia 4500
001 - CONTROL NUMBER
control field 6631
008 - FIXED-LENGTH DATA ELEMENTS--GENERAL INFORMATION
fixed length control field 260622s9999 xx 000 0 und d
020 ## - INTERNATIONAL STANDARD BOOK NUMBER
International Standard Book Number 9789953891835
245 #0 - TITLE STATEMENT
Title حكايتي شرح يطول/
Statement of responsibility, etc. حنان الشيخ
250 ## - EDITION STATEMENT
Edition statement الطبعة الثانية؛
260 ## - PUBLICATION, DISTRIBUTION, ETC.
Place of publication, distribution, etc. بيروت؛
Name of publisher, distributor, etc. دارالآداب؛
Date of publication, distribution, etc. 2014
300 ## - PHYSICAL DESCRIPTION
Extent 384p;
Dimensions 21x14cm
546 ## - LANGUAGE NOTE
Language note Arabic
650 ## - SUBJECT ADDED ENTRY--TOPICAL TERM
Topical term or geographic name entry element PJ7501-8517 Arabic literature
655 ## - INDEX TERM--GENRE/FORM
Genre/form data or focus term Fiction رواية
9 (RLIN) 9483
700 ## - ADDED ENTRY--PERSONAL NAME
Personal name AlSheikh, Hanan حنان الشيخ
9 (RLIN) 9484
942 ## - ADDED ENTRY ELEMENTS (KOHA)
Koha item type Book
Holdings
Withdrawn status Lost status Damaged status Not for loan Collection Home library Current library Date acquired Total Checkouts Full call number Barcode Date last seen Price effective from Koha item type
        Language and Literature SAF Reference Library SAF Reference Library 01/18/2012   PJ7501-8517 193.695 6631 06/22/2026 06/22/2026 Book

Copyright © 2022. Sharjah Art Foundation. All Rights Reserved.